000 00652nam a22002177a 4500
005 20251108173408.0
008 250721s1995 xx 000 0 ara d
082 1 4 _a658
100 1 _aكينان، كيت
245 1 0 _aأسس الإدارة الناجحة /
264 1 _aبيرون :
_bالدار العربية للعلوم،
_c1995.
300 _a47ص
490 0 _aسلسلة الدليل الإداري
650 1 7 _aالإدارة
650 1 7 _aالنجاح
650 1 7 _aالقيادة
700 1 _aسليمان، نعمت
_eمترجم
710 2 _aمركز التعريب والبرمجة
942 _2ddc
_cBK
999 _c102902
_d102902